Oiseaux - Statistiques

Statistiques générales
  • Ce quiz a été pris 1 154 fois
    1 121 depuis la dernière actualisation
  • Le résultat moyen est 47 sur 117
Statistiques - réponses
Par images Réponse % Correct
Cygne
99%
Autruche
80%
Paon
79%
Colombe
78%
Pigeon domestique
78%
Poule domestique
75%
Dinde
74%
Dodo
71%
Martin-pêcheur
70%
Cigogne
69%
Colibri
68%
Rouge-gorge
68%
Ara
67%
Flamant rose
67%
Canard colvert
66%
Émeu
66%
Oie domestique
66%
Toucan
66%
Faisan commun
65%
Héron
65%
Merle
65%
Corbeau
62%
Mouette
61%
Pic-vert
61%
Hirondelle
60%
Cormoran
59%
Aigle royal
58%
Moineau
58%
Perruche
58%
Corneille
57%
Pie
57%
Kiwi
56%
Manchot empereur
55%
Chouette effraie
54%
Goéland
53%
Canari
52%
Huppe
52%
Mésange bleue
52%
Grand-duc
51%
Poule d'eau
51%
Macareux
50%
Vautour
50%
Casoar
49%
Geai
49%
Mésange charbonnière
49%
Pygargue
47%
Étourneau
45%
Tourterelle
45%
Calopsitte
44%
Faucon pélerin
43%
Guêpier
43%
Pélican
41%
Fou de Bassan
40%
Aigrette
39%
Albatros
38%
Grive
38%
Milan
38%
Bécasse
37%
Pinson
37%
Pintade
37%
Harfang des neiges
36%
Buse
35%
Condor
35%
Roitelet
35%
Marabout
34%
Sterne
34%
Caille
33%
Grand tétras
33%
Canard mandarin
32%
Ibis rouge
32%
Inséparable
32%
Pingouin
32%
Bernache
31%
Vanneau
31%
Bouvreuil
30%
Ibis blanc
30%
Harpie
29%
Alouette
28%
Gypaète
28%
Épervier
27%
Gris du Gabon
27%
Palombe
27%
Bécassine
26%
Martinet
26%
Balbuzard
25%
Bec-en-sabot
25%
Quetzal
25%
Busard
24%
Frégate
23%
Grue cendrée
23%
Faisan doré
22%
Courlis
20%
Nandou
20%
Perdrix rouge
19%
Calao
18%
Petit-duc
18%
Coucou
17%
Guillemot
17%
Ibis sacré
17%
Paradisier
17%
Géocoucou
16%
Fauvette
15%
Perdrix grise
15%
Spatule
15%
Caracara
12%
Coq-de-roche
12%
Grue blanche
8%
Manchot Adélie
8%
Oie des neiges
8%
Pipit
8%
Poule soie
8%
Rossignol
8%
Aigle noir
6%
Faucon sacre
5%
Tourte voyageuse
5%
Ortolan
4%
Podarge gris
3%
Aucun quiz correspondant
Distribution des résultats
% des personnes avec chaque résultat
Percentile par nombre de réponses
Votre historique - résultats
Vous n’avez pas pris ce quiz depuis la dernière actualisation